Finlandais célèbres par images - Statistiques

Statistiques générales
  • Ce quiz a été pris 70 fois
  • Le résultat moyen est 3 sur 10
Statistiques - réponses
Par images Réponse % Correct
Kimi Raikkonen
81%
Jari Litmanen
51%
Mika Häkkinen
46%
Nico Rosberg
42%
Lauri Markkanen
27%
Jean Sibelius
19%
Sanna Marin
16%
Georges Gaynes
1%
Eero Saarinen
0%
Matti Makkonen
0%
Aucun quiz correspondant
Distribution des résultats
% des personnes avec chaque résultat
Percentile par nombre de réponses
Votre historique - résultats
Vous n’avez pas pris ce quiz